Vicisitudes de una política naval (Record no. 35135)

MARC details
000 -LEADER
campo de control de longitud fija 00924nam a2200229 i 4500
001 - NÚMERO DE CONTROL
campo de control 35135
003 - IDENTIFICADOR DE NÚMERO DE CONTROL
campo de control ES-MaACL
005 - FECHA Y HORA DE LA ÚLTIMA TRANSACCIÓN
campo de control 20250830213314.0
007 - CAMPO FIJO DE DESCRIPCIÓN FÍSICA--INFORMACIÓN GENERAL
campo de control de longitud fija t|
008 - DATOS DE LONGITUD FIJA--INFORMACIÓN GENERAL
campo de control de longitud fija 030212s1978 sp ||||1| spa d
100 1# - ENTRADA PRINCIPAL--NOMBRE DE PERSONA
Nombre de persona Bordejé y Morencos, Fernando de,
Fechas asociadas al nombre 1925-2017
9 (RLIN) 30394
245 10 - MENCIÓN DEL TÍTULO
Título Vicisitudes de una política naval
Resto del título : antecedentes : desarrollo de la Armada entre 1898 y 1936 /
Mención de responsabilidad, etc. Fernando de Bordejé y Morencos.
260 ## - PUBLICACIÓN, DISTRIBUCIÓN, ETC.
Lugar de publicación, distribución, etc. Madrid :
Nombre del editor, distribuidor, etc. San Martín,
Fecha de publicación, distribución, etc. [1978]
300 ## - DESCRIPCIÓN FÍSICA
Extensión 703 p., 8 lám. ;
Dimensiones 21 cm.
504 ## - NOTA DE BIBLIOGRAFÍA, ETC.
Nota de bibliografía, etc. Bibliografía: p. 698-703.
594 ## - Nota al título y mención de responsabilidad
Nota al título y mención de responsabilidad Precede al tít.: Servicio Histórico del Estado Mayor de la Armada. La Marina en la guerra de España (1936-1939)
650 #4 - PUNTO DE ACCESO ADICIONAL DE MATERIA--TÉRMINO DE MATERIA
Término de materia o nombre geográfico como elemento de entrada Marina de guerra-
Subdivisión geográfica España-
Subdivisión cronológica S.XX.
9 (RLIN) 14788
651 #4 - PUNTO DE ACCESO ADICIONAL DE MATERIA--NOMBRE GEOGRÁFICO
Nombre geográfico España-
Subdivisión general Historia militar-
Subdivisión cronológica 1936-1939.
9 (RLIN) 8373
710 1# - ENTRADA AGREGADA--NOMBRE DE ENTIDAD CORPORATIVA
Nombre de entidad corporativa o nombre de jurisdicción como elemento de entrada España.
Unidad subordinada Armada.
-- Estado Mayor
9 (RLIN) 6582
852 ## - LOCALIZACIÓN
Ubicación ES-MaACL
Número de control de estantería A-9537
Holdings
Estatus retirado Estado de pérdida Estado de daño No para préstamo Biblioteca de origen Biblioteca actual Ubicación en estantería Fecha de adquisición Fuente de adquisición Total de préstamos Signatura topográfica completa Código de barras Visto por última vez Precio de reemplazo Tipo de ítem Koha
        Biblioteca del Ateneo de Madrid Biblioteca del Ateneo de Madrid Depósito 1 17/01/2008     A-9537 1036740 23/02/2023 23/02/2023 Libro impreso